[Event "Open A"]
[Site "St Laurent"]
[Date "2014.08.07"]
[Round "3.2"]
[White "Braeuning, Rudolf Wilhelm"]
[Black "Shchekachev, Andrei"]
[Result "1/2-1/2"]
[LiveChessVersion "1.4.4"]
[BlackElo "2550"]
[WhiteElo "2344"]

1. e4 {[%clk 1:21:25]} d6 {[%clk 1:29:13]} 2. d4 {[%clk 1:20:30]} Nf6
{[%clk 1:29:13]} 3. Nc3 {[%clk 1:20:52]} g6 {[%clk 1:29:24]} 4. Be3
{[%clk 1:20:58]} a6 {[%clk 1:25:11]} 5. Nf3 {[%clk 1:07:59]} Bg7 {[%clk 1:22:37]}
6. h3 {[%clk 0:55:04]} O-O {[%clk 1:15:22]} 7. a4 {[%clk 0:41:55]} b6
{[%clk 1:09:13]} 8. Bc4 {[%clk 0:40:50]} e6 {[%clk 1:08:47]} 9. e5
{[%clk 0:34:36]} dxe5 {[%clk 1:05:01]} 10. Nxe5 {[%clk 0:34:00]} Bb7
{[%clk 1:04:54]} 11. O-O {[%clk 0:33:39]} Nc6 {[%clk 1:03:33]} 12. Nxc6
{[%clk 0:28:32]} Bxc6 {[%clk 1:02:35]} 13. Qe2 {[%clk 0:28:53]} Qc8
{[%clk 0:57:18]} 14. Rfe1 {[%clk 0:17:22]} Qb7 {[%clk 0:54:11]} 15. Qf1
{[%clk 0:17:51]} Ne8 {[%clk 0:44:18]} 16. Rad1 {[%clk 0:09:34]} Nd6
{[%clk 0:43:37]} 17. d5 {[%clk 0:05:21]} Nxc4 {[%clk 0:33:57]} 18. Qxc4
{[%clk 0:05:03]} exd5 {[%clk 0:34:04]} 19. Nxd5 {[%clk 0:04:52]} Rae8
{[%clk 0:29:27]} 20. b3 {[%clk 0:03:00]} Re5 {[%clk 0:25:11]} 21. Nf4
{[%clk 0:02:27]} g5 {[%clk 0:20:53]} 22. Bd4 {[%clk 0:00:58]} Rxe1+
{[%clk 0:12:00]} 23. Rxe1 {[%clk 0:01:27]} gxf4 {[%clk 0:12:17]} 24. Bxg7
{[%clk 0:01:33]} Kxg7 {[%clk 0:12:44]} 25. Qxf4 {[%clk 0:01:12]} Re8
{[%clk 0:05:41]} 26. Qg5+ {[%clk 0:01:13]} Kf8 {[%clk 0:05:21]} 27. Qh6+
{[%clk 0:01:35]} Kg8 {[%clk 0:05:46]} 28. Qg5+ {[%clk 0:01:48]} 1/2-1/2

[Event "Open A"]
[Site "St Laurent"]
[Date "2014.08.07"]
[Round "3.3"]
[White "Karpatchev, Aleksandr"]
[Black "Doluhanova, Evgeniya"]
[Result "1-0"]
[LiveChessVersion "1.4.4"]
[BlackElo "2320"]
[WhiteElo "2462"]

1. e4 {[%clk 1:30:58]} c5 {[%clk 1:28:54]} 2. c3 {[%clk 1:31:00]} d5
{[%clk 1:29:17]} 3. exd5 {[%clk 1:31:26]} Qxd5 {[%clk 1:29:42]} 4. d4
{[%clk 1:31:23]} Nf6 {[%clk 1:30:08]} 5. Nf3 {[%clk 1:31:45]} e6 {[%clk 1:30:34]}
6. Na3 {[%clk 1:31:04]} Qd8 {[%clk 1:12:18]} 7. Nc4 {[%clk 1:30:32]} Nc6
{[%clk 1:11:14]} 8. Be3 {[%clk 1:30:54]} Nd5 {[%clk 1:04:59]} 9. Bd3
{[%clk 1:31:00]} cxd4 {[%clk 1:01:03]} 10. Nxd4 {[%clk 1:29:36]} Nxe3
{[%clk 0:55:03]} 11. fxe3 {[%clk 1:29:34]} Be7 {[%clk 0:42:07]} 12. Qc2
{[%clk 1:12:04]} Nxd4 {[%clk 0:29:14]} 13. exd4 {[%clk 1:12:02]} Qc7
{[%clk 0:29:16]} 14. Ne5 {[%clk 1:03:00]} Bd7 {[%clk 0:17:27]} 15. O-O
{[%clk 0:57:19]} Bf6 {[%clk 0:17:09]} 16. Rae1 {[%clk 0:50:51]} Bxe5
{[%clk 0:06:23]} 17. Rxe5 {[%clk 0:50:06]} f6 {[%clk 0:06:49]} 18. Rh5
{[%clk 0:46:36]} O-O-O {[%clk 0:06:47]} 19. Rc5 {[%clk 0:39:08]} Bc6
{[%clk 0:07:10]} 20. b4 {[%clk 0:33:14]} Rd5 {[%clk 0:07:15]} 21. Bc4
{[%clk 0:32:03]} b6 {[%clk 0:03:33]} 22. Ba6+ {[%clk 0:16:50]} Kb8
{[%clk 0:03:52]} 23. Rxd5 {[%clk 0:16:52]} Bxd5 {[%clk 0:03:46]} 24. c4
{[%clk 0:16:16]} f5 {[%clk 0:02:07]} 25. c5 {[%clk 0:13:14]} Rd8 {[%clk 0:01:50]}
26. Qf2 {[%clk 0:11:50]} g6 {[%clk 0:01:36]} 27. Re1 {[%clk 0:09:47]} Be4
{[%clk 0:00:45]} 28. Bc4 {[%clk 0:08:00]} e5 {[%clk 0:00:49]} 29. dxe5
{[%clk 0:05:40]} bxc5 {[%clk 0:01:13]} 30. bxc5 {[%clk 0:05:25]} Qxe5
{[%clk 0:01:32]} 31. Bf1 {[%clk 0:04:35]} Qd4 {[%clk 0:01:02]} 32. Re3 Ka8
{[%clk 0:01:20]} 33. Rh3 {[%clk 0:02:22]} h5 {[%clk 0:01:13]} 34. Ra3
{[%clk 0:01:02]} Qxf2+ 35. Kxf2 Rd2+ {[%clk 0:01:43]} 36. Ke3 {[%clk 0:01:05]}
Rc2 {[%clk 0:02:05]} 37. Kd4 {[%clk 0:01:30]} Kb8 {[%clk 0:01:49]} 38. h4
{[%clk 0:01:31]} Rd2+ {[%clk 0:00:46]} 39. Ke5 {[%clk 0:00:45]} Rd5+
{[%clk 0:01:03]} 40. Kf6 {[%clk 0:01:14]} f4 {[%clk 0:00:42]} 41. Ra4
{[%clk 0:00:52]} Bf5 {[%clk 0:01:01]} 42. Ra5 {[%clk 0:01:00]} Rd2
{[%clk 0:00:53]} 43. Ke5 {[%clk 0:00:36]} Bc8 {[%clk 0:00:33]} 44. Ra4
{[%clk 0:00:35]} Rc2 {[%clk 0:00:38]} 45. Rc4 {[%clk 0:00:32]} Rxa2
{[%clk 0:00:59]} 46. Rxf4 {[%clk 0:00:50]} Rc2 {[%clk 0:01:03]} 47. Bc4
{[%clk 0:00:53]} a5 {[%clk 0:00:36]} 48. Kd6 {[%clk 0:01:12]} a4 {[%clk 0:00:42]}
49. Bd5 {[%clk 0:01:36]} Ba6 {[%clk 0:00:31]} 50. Rxa4 {[%clk 0:01:51]} 1-0

[Event "Open A"]
[Site "St Laurent"]
[Date "2014.08.07"]
[Round "3.4"]
[White "Le Corre, Benjamin"]
[Black "Thejkumar, M. S."]
[Result "0-1"]
[LiveChessVersion "1.4.4"]
[BlackElo "2439"]
[WhiteElo "2266"]

1. e4 {[%clk 1:27:40]} Nf6 {[%clk 1:30:32]} 2. e5 {[%clk 1:27:46]} Nd5
{[%clk 1:30:55]} 3. d4 {[%clk 1:28:12]} d6 {[%clk 1:31:13]} 4. c4
{[%clk 1:27:37]} Nb6 {[%clk 1:31:36]} 5. exd6 {[%clk 1:27:59]} cxd6
{[%clk 1:28:06]} 6. Nc3 {[%clk 1:20:28]} g6 {[%clk 1:27:44]} 7. Be3
{[%clk 1:20:51]} Bg7 {[%clk 1:27:51]} 8. Rc1 {[%clk 1:17:50]} O-O
{[%clk 1:26:16]} 9. b3 {[%clk 1:16:52]} Nc6 {[%clk 1:05:10]} 10. d5
{[%clk 1:10:09]} Ne5 {[%clk 1:04:14]} 11. Be2 {[%clk 1:10:19]} e6
{[%clk 0:49:19]} 12. dxe6 {[%clk 0:51:37]} Bxe6 {[%clk 0:48:01]} 13. Nf3
{[%clk 0:41:39]} d5 {[%clk 0:43:52]} 14. Nd4 {[%clk 0:24:55]} dxc4
{[%clk 0:41:18]} 15. O-O {[%clk 0:24:43]} Bd7 {[%clk 0:35:13]} 16. Ndb5
{[%clk 0:24:31]} Qh4 {[%clk 0:15:58]} 17. bxc4 {[%clk 0:19:42]} Nbxc4
{[%clk 0:13:58]} 18. Bxc4 {[%clk 0:05:49]} Qxc4 {[%clk 0:13:56]} 19. Qb3
{[%clk 0:04:01]} Qxb3 {[%clk 0:10:43]} 20. axb3 {[%clk 0:04:26]} b6
{[%clk 0:03:29]} 21. Nc7 {[%clk 0:03:54]} Rad8 {[%clk 0:02:57]} 22. N3b5
{[%clk 0:02:55]} Bxb5 {[%clk 0:02:55]} 23. Nxb5 {[%clk 0:03:21]} Rd7
{[%clk 0:02:55]} 24. Rfd1 {[%clk 0:03:45]} Re7 {[%clk 0:01:41]} 25. h3
{[%clk 0:03:59]} h6 {[%clk 0:01:50]} 26. Rc2 {[%clk 0:02:25]} Kh7
{[%clk 0:02:00]} 27. Ra2 {[%clk 0:02:51]} Ra8 {[%clk 0:00:50]} 28. Rd6
{[%clk 0:01:26]} Rb7 {[%clk 0:00:58]} 29. Ra6 {[%clk 0:00:43]} Nd7
{[%clk 0:01:03]} 30. Ra2 {[%clk 0:00:34]} a5 {[%clk 0:00:51]} 31. Rc6
{[%clk 0:00:43]} Ne5 {[%clk 0:00:50]} 32. Rcc2 {[%clk 0:00:33]} Nd3
{[%clk 0:01:05]} 33. Rc4 {[%clk 0:00:50]} Bf8 {[%clk 0:01:17]} 34. Rd2
{[%clk 0:01:10]} Nc5 {[%clk 0:01:32]} 35. Bxc5 {[%clk 0:01:00]} Bxc5
{[%clk 0:01:54]} 36. Nc3 {[%clk 0:00:47]} Kg7 {[%clk 0:01:35]} 37. Ne4
{[%clk 0:01:10]} Bb4 {[%clk 0:01:56]} 38. Ra2 {[%clk 0:00:53]} Rd8
{[%clk 0:02:11]} 39. g3 {[%clk 0:00:53]} Rd3 {[%clk 0:02:16]} 40. Rb2
{[%clk 0:00:56]} Re7 {[%clk 0:02:34]} 41. f3 {[%clk 0:00:36]} b5 {[%clk 0:02:48]}
42. Rc8 {[%clk 0:00:33]} Rxf3 {[%clk 0:03:05]} 43. Kg2 {[%clk 0:00:59]} Re3
{[%clk 0:03:11]} 44. Nf2 {[%clk 0:00:32]} Re2 {[%clk 0:02:54]} 0-1

[Event "Open A"]
[Site "St Laurent"]
[Date "2014.08.07"]
[Round "4.1"]
[White "Lerch, Patrice"]
[Black "Karpatchev, Aleksandr"]
[Result "1/2-1/2"]
[LiveChessVersion "1.4.4"]
[BlackElo "2462"]
[WhiteElo "2374"]

1. c4 {[%clk 1:30:50]} e5 {[%clk 1:30:52]} 2. Nc3 {[%clk 1:31:12]} Nf6
{[%clk 1:31:14]} 3. e3 {[%clk 1:31:17]} Bb4 {[%clk 1:31:07]} 4. Nge2
{[%clk 1:31:34]} c6 5. a3 {[%clk 1:31:53]} Ba5 {[%clk 1:31:19]} 6. b4
{[%clk 1:32:16]} Bc7 {[%clk 1:31:44]} 7. Bb2 {[%clk 1:31:03]} O-O
{[%clk 1:31:53]} 8. d4 {[%clk 1:31:18]} a5 {[%clk 1:32:03]} 9. b5
{[%clk 1:22:38]} d5 {[%clk 1:28:58]} 10. bxc6 {[%clk 1:11:28]} dxc4
{[%clk 1:03:30]} 11. dxe5 {[%clk 1:07:55]} Bxe5 {[%clk 1:01:49]} 12. Qxd8
{[%clk 1:08:11]} Rxd8 {[%clk 1:02:13]} 13. c7 {[%clk 1:08:37]} Bxc7
{[%clk 1:02:25]} 14. Nb5 {[%clk 1:09:04]} Bb6 {[%clk 0:48:44]} 15. Bxf6
{[%clk 1:05:24]} gxf6 {[%clk 0:48:57]} 16. Nf4 {[%clk 1:05:43]} a4
{[%clk 0:41:53]} 17. Bxc4 {[%clk 1:03:46]} Ba5+ {[%clk 0:42:01]} 18. Kf1
{[%clk 1:01:19]} Nc6 {[%clk 0:41:47]} 1/2-1/2

[Event "Open A"]
[Site "St Laurent"]
[Date "2014.08.07"]
[Round "4.2"]
[White "Thejkumar, M. S."]
[Black "Philippe, Christophe"]
[Result "1/2-1/2"]
[LiveChessVersion "1.4.4"]
[BlackElo "2380"]
[WhiteElo "2439"]

1. d4 {[%clk 1:30:53]} Nf6 {[%clk 1:30:37]} 2. c4 {[%clk 1:30:00]} c5
{[%clk 1:31:04]} 3. d5 {[%clk 1:29:56]} b5 {[%clk 1:31:31]} 4. Nf3
{[%clk 1:27:15]} g6 {[%clk 1:31:35]} 5. Qc2 {[%clk 1:27:11]} Bg7 {[%clk 1:31:44]}
6. e4 {[%clk 1:27:22]} d6 {[%clk 1:29:41]} 7. cxb5 {[%clk 1:26:22]} O-O
{[%clk 1:30:07]} 8. Nc3 {[%clk 1:26:18]} a6 {[%clk 1:30:07]} 9. a4
{[%clk 1:25:52]} e6 {[%clk 1:25:17]} 10. dxe6 {[%clk 1:20:26]} Bxe6
{[%clk 1:21:55]} 11. Be2 {[%clk 1:03:02]} axb5 {[%clk 1:20:44]} 12. Bxb5
{[%clk 1:03:14]} Na6 {[%clk 1:21:05]} 13. O-O {[%clk 1:00:59]} Nb4
{[%clk 1:21:14]} 14. Qe2 {[%clk 0:53:37]} d5 {[%clk 1:16:23]} 15. Bg5
{[%clk 0:46:53]} h6 {[%clk 1:12:40]} 16. exd5 {[%clk 0:44:57]} Nbxd5
{[%clk 1:12:36]} 17. Bd2 {[%clk 0:43:04]} Nb4 {[%clk 1:09:15]} 18. Rac1
{[%clk 0:39:06]} Bb3 {[%clk 1:04:28]} 19. Be3 {[%clk 0:26:25]} Rc8
{[%clk 1:04:53]} 20. Bc4 {[%clk 0:19:37]} Bxc4 {[%clk 1:05:17]} 21. Qxc4
{[%clk 0:20:03]} Re8 {[%clk 1:00:58]} 22. Rfd1 {[%clk 0:19:03]} Qa5
{[%clk 1:00:33]} 23. Nb5 {[%clk 0:12:06]} Re4 {[%clk 0:54:40]} 24. Qe2
{[%clk 0:12:25]} Rc6 {[%clk 0:50:40]} 25. Nd6 {[%clk 0:09:08]} Re7
{[%clk 0:49:20]} 26. Qb5 {[%clk 0:09:12]} Qc7 {[%clk 0:41:32]} 27. Rxc5
{[%clk 0:04:55]} Rxd6 {[%clk 0:38:04]} 28. Rxd6 {[%clk 0:05:15]} Qxd6
{[%clk 0:38:27]} 29. Qxb4 {[%clk 0:05:16]} Qd1+ {[%clk 0:37:22]} 30. Qe1
{[%clk 0:05:13]} Qxa4 {[%clk 0:37:30]} 31. h3 {[%clk 0:04:55]} Ne4
{[%clk 0:31:20]} 32. Rc8+ {[%clk 0:04:00]} Kh7 {[%clk 0:31:48]} 33. Qe2
{[%clk 0:02:44]} Qa1+ {[%clk 0:29:22]} 34. Rc1 {[%clk 0:02:43]} Qxb2
{[%clk 0:28:54]} 1/2-1/2

[Event "Open A"]
[Site "St Laurent"]
[Date "2014.08.07"]
[Round "4.3"]
[White "Shirazi, Kamran"]
[Black "Bauer, Christian"]
[Result "1-0"]
[LiveChessVersion "1.4.4"]
[BlackElo "2658"]
[WhiteElo "2350"]

1. e4 {[%clk 1:30:42]} c5 {[%clk 1:29:27]} 2. Nf3 {[%clk 1:30:49]} e6
{[%clk 1:28:30]} 3. b3 {[%clk 1:29:33]} a6 {[%clk 1:25:50]} 4. c4
{[%clk 1:28:21]} Nc6 {[%clk 1:25:29]} 5. Bb2 {[%clk 1:28:41]} Nf6
{[%clk 1:24:54]} 6. e5 {[%clk 1:28:53]} Ng4 {[%clk 1:25:01]} 7. h3
{[%clk 1:27:57]} Nh6 {[%clk 1:25:01]} 8. Bd3 {[%clk 1:20:34]} d6 {[%clk 1:21:02]}
9. exd6 {[%clk 1:20:38]} f6 {[%clk 1:17:05]} 10. Be4 {[%clk 1:20:21]} Bxd6
{[%clk 1:17:04]} 11. Bxc6+ {[%clk 1:19:18]} bxc6 {[%clk 1:17:32]} 12. O-O
{[%clk 1:13:58]} e5 {[%clk 1:11:31]} 13. Nc3 {[%clk 1:11:37]} O-O
{[%clk 1:08:09]} 14. Re1 {[%clk 1:11:33]} Ra7 {[%clk 0:50:05]} 15. Ba3
{[%clk 1:06:10]} Bf5 {[%clk 0:45:39]} 16. d3 {[%clk 1:06:23]} Rd7
{[%clk 0:41:12]} 17. Na4 {[%clk 1:04:40]} Qa5 {[%clk 0:28:46]} 18. Qd2
{[%clk 1:01:05]} Qxd2 {[%clk 0:29:10]} 19. Nxd2 {[%clk 1:01:27]} Bxd3
{[%clk 0:29:23]} 20. Bxc5 {[%clk 1:00:56]} Nf5 {[%clk 0:27:01]} 21. Ne4
{[%clk 1:00:34]} Bxe4 {[%clk 0:25:39]} 22. Rxe4 {[%clk 1:01:00]} Bxc5
{[%clk 0:22:51]} 23. Nxc5 {[%clk 1:01:25]} Rd2 {[%clk 0:23:16]} 24. Ree1
{[%clk 0:57:07]} Rfd8 {[%clk 0:23:09]} 25. Nxa6 {[%clk 0:57:14]} Ra8
{[%clk 0:22:37]} 26. Nb4 {[%clk 0:51:38]} c5 {[%clk 0:22:57]} 27. Nd5
{[%clk 0:51:52]} Rdxa2 {[%clk 0:19:09]} 28. Rxa2 {[%clk 0:51:39]} Rxa2
{[%clk 0:19:38]} 29. Rb1 {[%clk 0:50:43]} Rc2 {[%clk 0:13:11]} 30. Nb6
{[%clk 0:38:59]} Nd4 {[%clk 0:11:10]} 31. Na4 {[%clk 0:39:21]} Ne2+
{[%clk 0:03:54]} 32. Kh2 {[%clk 0:33:21]} Nf4 {[%clk 0:04:11]} 33. Nxc5
{[%clk 0:33:26]} Rxf2 {[%clk 0:04:19]} 34. b4 {[%clk 0:33:21]} Rxg2+ 35. Kh1 Rg3
{[%clk 0:00:34]} 36. b5 {[%clk 0:32:58]} Rxh3+ {[%clk 0:01:03]} 37. Kg1
{[%clk 0:33:20]} Ne2+ {[%clk 0:01:00]} 38. Kg2 {[%clk 0:31:11]} Nf4+
{[%clk 0:01:27]} 39. Kf2 {[%clk 0:31:14]} f5 {[%clk 0:01:14]} 40. b6
{[%clk 0:31:29]} e4 {[%clk 0:01:44]} 41. Rb3 {[%clk 0:30:36]} Rxb3
{[%clk 0:01:41]} 42. Nxb3 {[%clk 0:31:03]} Nd3+ {[%clk 0:01:59]} 43. Kf1
{[%clk 0:26:30]} Nb4 {[%clk 0:02:29]} 44. b7 {[%clk 0:26:48]} Na6
{[%clk 0:02:54]} 45. c5 {[%clk 0:27:07]} Kf7 {[%clk 0:03:00]} 46. c6
{[%clk 0:27:25]} 1-0

[Event "Open A"]
[Site "St Laurent"]
[Date "2014.08.07"]
[Round "4.4"]
[White "Shchekachev, Andrei"]
[Black "Hamid, Emran"]
[Result "1-0"]
[LiveChessVersion "1.4.4"]
[BlackElo "1908"]
[WhiteElo "2550"]

1. Nf3 {[%clk 1:28:57]} Nf6 {[%clk 1:30:50]} 2. c4 {[%clk 1:29:11]} e6
{[%clk 1:30:43]} 3. Nc3 {[%clk 1:29:19]} d5 {[%clk 1:29:46]} 4. d4
{[%clk 1:29:26]} dxc4 {[%clk 1:29:54]} 5. e4 {[%clk 1:21:08]} a6 {[%clk 1:22:36]}
6. Bxc4 {[%clk 1:18:30]} b5 {[%clk 1:22:43]} 7. Bd3 {[%clk 1:18:29]} c5
{[%clk 1:19:12]} 8. dxc5 {[%clk 1:15:21]} Bxc5 {[%clk 1:19:09]} 9. O-O
{[%clk 1:12:57]} Bb7 {[%clk 1:13:24]} 10. Qe2 {[%clk 1:11:17]} Qc7
{[%clk 1:01:06]} 11. e5 {[%clk 1:02:51]} Nd5 {[%clk 1:00:23]} 12. Ne4
{[%clk 1:01:49]} Nd7 {[%clk 0:52:51]} 13. Bd2 {[%clk 0:58:46]} Qb6
{[%clk 0:44:41]} 14. Rac1 {[%clk 0:52:40]} Be7 {[%clk 0:44:17]} 15. Rfe1
{[%clk 0:49:27]} Nc5 {[%clk 0:37:07]} 16. Nxc5 {[%clk 0:47:13]} Bxc5
{[%clk 0:36:26]} 17. Ng5 {[%clk 0:45:46]} h6 {[%clk 0:23:28]} 18. Ne4
{[%clk 0:42:12]} Be7 {[%clk 0:23:15]} 19. Qg4 {[%clk 0:41:49]} g5
{[%clk 0:22:48]} 20. a4 {[%clk 0:33:16]} b4 {[%clk 0:18:47]} 21. a5
{[%clk 0:29:35]} Qxa5 {[%clk 0:17:21]} 22. Nd6+ {[%clk 0:29:55]} Bxd6
{[%clk 0:17:17]} 23. exd6 {[%clk 0:30:21]} Kd7 {[%clk 0:13:45]} 24. Qd4
{[%clk 0:27:23]} Kxd6 {[%clk 0:06:54]} 25. Rc4 {[%clk 0:26:44]} Ke7
{[%clk 0:04:50]} 26. Rc5 {[%clk 0:23:16]} Qb6 {[%clk 0:02:44]} 27. Rxd5
{[%clk 0:22:06]} Qxd4 {[%clk 0:03:12]} 28. Rxd4 {[%clk 0:22:22]} a5
{[%clk 0:03:37]} 29. Bf1 {[%clk 0:21:12]} Rhc8 {[%clk 0:03:39]} 30. f4
{[%clk 0:14:14]} Rc5 {[%clk 0:03:08]} 31. fxg5 {[%clk 0:13:15]} hxg5
{[%clk 0:03:34]} 32. Rc4 {[%clk 0:13:03]} Rac8 {[%clk 0:02:29]} 33. Rxc5
{[%clk 0:13:21]} Rxc5 {[%clk 0:02:57]} 34. Rc1 {[%clk 0:13:43]} Rxc1
{[%clk 0:03:05]} 35. Bxg5+ {[%clk 0:14:05]} 1-0

[Event "Open A"]
[Site "St Laurent"]
[Date "2014.08.07"]
[Round "5.1"]
[White "Lerch, Patrice"]
[Black "Shchekachev, Andrei"]
[Result "1/2-1/2"]
[LiveChessVersion "1.4.4"]
[BlackElo "2550"]
[WhiteElo "2374"]

1. g3 {[%clk 1:30:32]} e5 {[%clk 1:28:40]} 2. c4 {[%clk 1:28:14]} Nf6
{[%clk 1:27:11]} 3. Bg2 {[%clk 1:27:12]} c6 {[%clk 1:23:49]} 4. d4
{[%clk 1:26:04]} exd4 {[%clk 1:22:08]} 5. Qxd4 {[%clk 1:26:24]} d5
{[%clk 1:22:25]} 6. Nc3 {[%clk 1:26:21]} Be6 {[%clk 1:18:30]} 7. Nh3
{[%clk 1:23:06]} dxc4 {[%clk 1:12:04]} 8. Qh4 {[%clk 1:21:22]} Bb4
{[%clk 1:06:30]} 9. Ng5 {[%clk 1:18:24]} Qe7 {[%clk 1:05:37]} 10. Bd2
{[%clk 1:12:40]} Nbd7 {[%clk 1:00:07]} 11. Nxe6 {[%clk 1:12:19]} Qxe6
{[%clk 1:00:18]} 12. Bh3 {[%clk 1:12:44]} Qe7 {[%clk 0:59:47]} 13. Bxd7+
{[%clk 1:05:34]} Nxd7 {[%clk 0:53:41]} 14. Qxc4 {[%clk 1:04:37]} Rd8
{[%clk 0:48:58]} 15. Qe4 {[%clk 0:33:33]} Qxe4 {[%clk 0:40:57]} 16. Nxe4
{[%clk 0:32:48]} Bxd2+ {[%clk 0:41:22]} 17. Nxd2 {[%clk 0:33:10]} Ke7
{[%clk 0:41:22]} 18. O-O-O {[%clk 0:33:23]} 1/2-1/2

[Event "Open A"]
[Site "St Laurent"]
[Date "2014.08.07"]
[Round "5.2"]
[White "Karpatchev, Aleksandr"]
[Black "Bellahcene, Bilel"]
[Result "1-0"]
[LiveChessVersion "1.4.4"]
[BlackElo "2357"]
[WhiteElo "2462"]

1. e4 {[%clk 1:30:56]} e5 {[%clk 1:30:57]} 2. Nf3 {[%clk 1:30:49]} Nc6
{[%clk 1:31:22]} 3. Nc3 {[%clk 1:29:50]} Nf6 {[%clk 1:31:32]} 4. d4
{[%clk 1:30:13]} exd4 {[%clk 1:31:50]} 5. Nxd4 {[%clk 1:30:41]} Bb4
{[%clk 1:32:09]} 6. Nxc6 {[%clk 1:30:57]} bxc6 {[%clk 1:32:34]} 7. Bd3
{[%clk 1:31:20]} d5 {[%clk 1:32:37]} 8. exd5 {[%clk 1:31:45]} O-O
{[%clk 1:32:53]} 9. O-O {[%clk 1:32:09]} cxd5 {[%clk 1:33:19]} 10. h3
{[%clk 1:32:23]} c6 {[%clk 1:33:38]} 11. Bf4 {[%clk 1:31:09]} Bd6
{[%clk 1:29:58]} 12. Qf3 {[%clk 1:31:15]} Be6 {[%clk 1:27:02]} 13. b3
{[%clk 1:23:40]} Qc7 {[%clk 1:19:50]} 14. Ne2 {[%clk 1:19:06]} c5
{[%clk 1:19:27]} 15. Bxd6 {[%clk 1:11:59]} Qxd6 {[%clk 1:19:55]} 16. Rad1
{[%clk 1:11:30]} Rab8 {[%clk 1:14:06]} 17. Rfe1 {[%clk 1:05:37]} a5
{[%clk 1:08:26]} 18. c4 {[%clk 0:50:12]} d4 {[%clk 1:08:38]} 19. Nc3
{[%clk 0:50:17]} Qb6 {[%clk 1:02:57]} 20. Na4 {[%clk 0:48:41]} Qd6
{[%clk 1:02:03]} 21. Bf5 {[%clk 0:43:50]} Nd7 {[%clk 1:00:30]} 22. Nc3
{[%clk 0:40:02]} g6 {[%clk 0:58:45]} 23. Be4 {[%clk 0:35:12]} Qe7
{[%clk 0:48:36]} 24. Na4 {[%clk 0:32:50]} Nb6 {[%clk 0:45:45]} 25. Nb2
{[%clk 0:32:52]} Qd6 {[%clk 0:38:58]} 26. Bc6 {[%clk 0:32:28]} Na8
{[%clk 0:32:25]} 27. Nd3 {[%clk 0:31:44]} Nc7 {[%clk 0:29:40]} 28. Ba4
{[%clk 0:27:50]} Bf5 {[%clk 0:25:13]} 29. Ne5 {[%clk 0:27:12]} f6
{[%clk 0:15:10]} 30. Nc6 {[%clk 0:16:42]} Rbe8 {[%clk 0:15:36]} 31. Nxa5
{[%clk 0:16:41]} Rxe1+ {[%clk 0:16:03]} 32. Rxe1 {[%clk 0:17:10]} Bc2
{[%clk 0:14:07]} 33. Nb7 {[%clk 0:15:37]} Qb6 {[%clk 0:13:35]} 34. Re7
{[%clk 0:11:28]} Rf7 {[%clk 0:13:29]} 35. Rxf7 {[%clk 0:11:29]} Kxf7
{[%clk 0:13:58]} 36. Nd8+ {[%clk 0:11:58]} Kg7 {[%clk 0:10:00]} 37. Qe2
{[%clk 0:10:02]} Qd6 {[%clk 0:09:37]} 38. Qxc2 {[%clk 0:10:21]} d3
{[%clk 0:08:14]} 39. Qd2 {[%clk 0:10:06]} Qxd8 {[%clk 0:08:43]} 40. Bc6
{[%clk 0:10:13]} Qd4 {[%clk 0:08:32]} 41. g3 {[%clk 0:10:13]} Ne6
{[%clk 0:07:32]} 42. h4 {[%clk 0:07:03]} f5 {[%clk 0:05:19]} 43. Bd5
{[%clk 0:07:17]} Kf6 {[%clk 0:03:03]} 44. Kg2 {[%clk 0:06:47]} h6
{[%clk 0:01:37]} 45. a4 {[%clk 0:06:08]} g5 {[%clk 0:01:42]} 46. a5
{[%clk 0:06:27]} Nc7 {[%clk 0:02:12]} 47. Bb7 {[%clk 0:05:57]} Qd6
{[%clk 0:00:59]} 48. h5 {[%clk 0:05:40]} Ke7 {[%clk 0:00:32]} 49. a6
{[%clk 0:01:15]} Nxa6 {[%clk 0:01:01]} 50. Bxa6 {[%clk 0:01:44]} Qxa6
{[%clk 0:01:31]} 51. Qxd3 {[%clk 0:01:16]} Kf6 {[%clk 0:00:34]} 52. Qd8+
{[%clk 0:01:27]} Ke5 {[%clk 0:00:47]} 53. Qh8+ {[%clk 0:00:49]} Ke4
{[%clk 0:01:08]} 54. Qc3 {[%clk 0:01:11]} f4 {[%clk 0:01:11]} 55. g4
{[%clk 0:01:15]} Qa2 {[%clk 0:01:23]} 56. Qf3+ {[%clk 0:01:28]} Kd4
{[%clk 0:01:53]} 57. Qd5+ {[%clk 0:01:33]} Kc3 {[%clk 0:02:22]} 58. Qxc5
{[%clk 0:01:44]} Qxb3 {[%clk 0:02:05]} 59. Qc6 {[%clk 0:01:19]} Qxc4
{[%clk 0:02:09]} 60. Qxh6 {[%clk 0:01:45]} f3+ {[%clk 0:02:26]} 61. Kg3
{[%clk 0:01:22]} Qf4+ {[%clk 0:02:32]} 62. Kh3 {[%clk 0:01:47]} Kd2
{[%clk 0:02:37]} 63. Qe6 {[%clk 0:01:18]} Qd4 {[%clk 0:01:38]} 64. h6
{[%clk 0:01:42]} Kd1 {[%clk 0:01:22]} 65. h7 {[%clk 0:00:39]} Qxf2
{[%clk 0:01:29]} 66. Qd5+ {[%clk 0:00:48]} Ke1 {[%clk 0:00:33]} 67. Qa5+
{[%clk 0:00:51]} Kf1 {[%clk 0:00:35]} 68. Qa1+ {[%clk 0:01:15]} Qe1
{[%clk 0:00:41]} 69. Qxe1+ {[%clk 0:01:40]} Kxe1 {[%clk 0:01:10]} 70. h8=Q
{[%clk 0:02:03]} f2 {[%clk 0:01:34]} 71. Qc3+ {[%clk 0:02:16]} Ke2
{[%clk 0:01:53]} 72. Qc4+ {[%clk 0:02:34]} Ke1 {[%clk 0:01:57]} 73. Kg2
{[%clk 0:02:49]} Kd2 {[%clk 0:02:25]} 1-0